| 000 | 00422cam a2200169ua 4500 | ||
|---|---|---|---|
| 020 | _cRs.8/- | ||
| 041 |
_ahin _h |
||
| 082 |
_a891.43 _bSAV/MA |
||
| 100 | _asavithisingh, . | ||
| 245 |
_aMadhyakalin hindi kavayithyium / _csavithri sinha. _hTextual Documents |
||
| 260 |
_aDelhi : _bAtmaram and sons , _c1953. |
||
| 300 | _a317 ; . | ||
| 365 | _aRs.8/- | ||
| 504 | _a | ||
| 942 | _cBK | ||
| 999 |
_c12255 _d12255 |
||